Métodos modernos de amputación / (Record no. 149598)

MARC details
000 -LEADER
campo de control de longitud fija 00723nam a2200193 i 4500
001 - NÚMERO DE CONTROL
campo de control 149598
003 - IDENTIFICADOR DE NÚMERO DE CONTROL
campo de control ES-MaACL
005 - FECHA Y HORA DE LA ÚLTIMA TRANSACCIÓN
campo de control 20230906203152.0
007 - CAMPO FIJO DE DESCRIPCIÓN FÍSICA--INFORMACIÓN GENERAL
campo de control de longitud fija t|
008 - DATOS DE LONGITUD FIJA--INFORMACIÓN GENERAL
campo de control de longitud fija 071023s1947 ag ||||1| spa d
100 1# - ENTRADA PRINCIPAL--NOMBRE DE PERSONA
Nombre de persona Vasconcelos, Edmundo.
9 (RLIN) 113267
245 10 - MENCIÓN DEL TÍTULO
Título Métodos modernos de amputación /
Mención de responsabilidad, etc. por Edmundo Vasconcelos ; con la colaboración de Edgardo Pinto Souza ; José Gonçalves (hijo) dibujante ; traducción del portugués por Francisco J. Cortada.
260 ## - PUBLICACIÓN, DISTRIBUCIÓN, ETC.
Lugar de publicación, distribución, etc. Buenos Aires :
Nombre del editor, distribuidor, etc. Labor,
Fecha de publicación, distribución, etc. 1947.
300 ## - DESCRIPCIÓN FÍSICA
Extensión XI, 281 p. :
Otras características físicas il. ;
Dimensiones 27 cm.
700 1# - ENTRADA AGREGADA--NOMBRE PERSONAL
Nombre de persona Souza, Edgardo Pinto.
9 (RLIN) 107608
700 1# - ENTRADA AGREGADA--NOMBRE PERSONAL
Nombre de persona Gonçalves, José.
9 (RLIN) 58221
700 1# - ENTRADA AGREGADA--NOMBRE PERSONAL
Nombre de persona Cortada, Francisco J.
9 (RLIN) 40807
852 ## - LOCALIZACIÓN
Ubicación ES-MaACL
Número de control de estantería E-328
Sublocalización o colección R.26960
Holdings
Estatus retirado Estado de pérdida Estado de daño No para préstamo Biblioteca de origen Biblioteca actual Ubicación en estantería Fecha de adquisición Fuente de adquisición Total de préstamos Signatura topográfica completa Código de barras Visto por última vez Precio de reemplazo Tipo de ítem Koha
        Biblioteca del Ateneo de Madrid Biblioteca del Ateneo de Madrid Depósito 2 17/01/2008     E-328 1156111 23/02/2023 23/02/2023 Libro impreso